000 00331 a2200145 4500
001 179969
020 _a
040 _cMagnum
100 _aTelles, Carlos Queiroz
240 1 0 _aA historia da pedra grande
_lpor
245 1 0 _aA historia da pedra grande
362 0 _a1899
697 _aMAGNITO: IJ/BRUXA, MISTERIO
942 _cBK
999 _c179969
_d179969